000 01255nam a2200313 a 4500
001 ebr5005972
003 CaPaEBR
006 m u
007 cr cn|||||||||
008 990511s2000 enk sb 001 0 eng
010 _z 99030140
020 _z0521662257 (hardbound)
040 _aCaPaEBR
_cCaPaEBR
035 _a(OCoLC)51240460
050 1 4 _aQA161.P59
_bS337 2000eb
082 0 4 _a512.9/42
_221
100 1 _aSchinzel, Andrzej.
245 1 0 _aPolynomials with special regard to reducibility
_h[electronic resource] /
_cA. Schinzel.
260 _aCambridge ;
_aNew York :
_bCambridge University Press,
_c2000.
300 _ax, 558 p.
490 1 _aEncyclopedia of mathematics and its applications
504 _aIncludes bibliographical references (p. 540-554) and index.
533 _aElectronic reproduction.
_bPalo Alto, Calif. :
_cebrary,
_d2013.
_nAvailable via World Wide Web.
_nAccess may be limited to ebrary affiliated libraries.
650 0 _aPolynomials.
655 7 _aElectronic books.
_2local
710 2 _aebrary, Inc.
830 0 _aEncyclopedia of mathematics and its applications.
856 4 0 _uhttp://site.ebrary.com/lib/rucke/Doc?id=5005972
_zAn electronic book accessible through the World Wide Web; click to view
999 _c6172
_d6172